[Event "Kings Cup"]
[Site "Bucharest ROM"]
[Date "2003.05.18"]
[Round "1"]
[White "Cioara,A"]
[Black "Trajkovic,P"]
[Result "1-0"]
[WhiteElo "2386"]
[BlackElo "2299"]

1.e4 c5 2.Nf3 e6 3.d4 cxd4 4.Nxd4 Nc6 5.Nc3 Qc7 6.g3 a6 7.Bg2 d6 8.O-O Bd7
9.a4 Nf6 10.Nb3 b6 11.f4 Rb8 12.Qe2 Bc8 13.Be3 Be7 14.Rae1 Na5 15.Bd4 O-O
16.e5 Nxb3 17.cxb3 dxe5 18.Bxe5 Bd6 19.Bxf6 gxf6 20.f5 Be5 21.Qh5 Kh8 22.fxe6 Bd4+
23.Kh1 fxe6 24.Re4 e5 25.Nd5 Qg7 26.Nxf6 Bb7 27.Rh4 Bxg2+ 28.Kxg2 Qb7+ 29.Kh3 Rf7
30.Rxd4 exd4 31.Qe5 Rg7 32.Nh5 Qd7+ 33.Kg2 Rc8 34.Rd1 Rc2+ 35.Kg1 d3 36.Rxd3 Rc1+
37.Kf2 Qf7+ 38.Rf3 Rf1+ 39.Kxf1 Qxf3+ 40.Ke1 Qh1+ 41.Kd2 Qg2+ 42.Kc1 Qg1+
43.Kc2 Qf2+ 44.Kb1 Qe1+ 45.Qxe1  1-0

[Event "TCh-Serbia & Montenegro"]
[Site "Budva YUG"]
[Date "2003.05.18"]
[Round "?"]
[White "Brenjo,S"]
[Black "Nikac,P"]
[Result "1-0"]
[WhiteElo "2427"]
[BlackElo "2346"]

1.e4 c5 2.Nf3 Nc6 3.Nc3 e6 4.d4 cxd4 5.Nxd4 Nf6 6.Ndb5 d6 7.Bf4 e5 8.Bg5 a6
9.Na3 b5 10.Bxf6 gxf6 11.Nd5 Bg7 12.c3 f5 13.exf5 Bxf5 14.Nc2 Ne7 15.Nce3 Be6
16.Nxe7 Qxe7 17.Bd3 d5 18.O-O O-O 19.Qh5 e4 20.Bc2 f5 21.Rad1 Rad8 22.Bb3 Qc5
23.g4 fxg4 24.Nxd5 Kh8 25.Nf4 Qxh5 26.Nxh5 Bxb3 27.axb3 Bh6 28.Rxd8 Rxd8
29.Re1 e3 30.fxe3 Rd2 31.e4 Rxb2 32.e5 Kg8 33.e6 Bg5 34.e7 Bxe7 35.Rxe7 Rxb3
36.Nf6+ Kf8 37.Ra7 Rxc3 38.Nxh7+ Ke8 39.Nf6+ Kf8 40.Rxa6 g3 41.h4 b4 42.Rb6 Rf3
43.Kg2  1-0

[Event "TCh-Serbia & Montenegro"]
[Site "Budva YUG"]
[Date "2003.05.18"]
[Round "?"]
[White "Lekic,D"]
[Black "Markus,R"]
[Result "1/2-1/2"]
[WhiteElo "2430"]
[BlackElo "2472"]

1.e4 c5 2.Nf3 e6 3.d4 cxd4 4.Nxd4 Nc6 5.Nc3 Qc7 6.Be2 a6 7.O-O b5 8.Nxc6 dxc6
9.f4 Bb7 10.e5 Nh6 11.Ne4 Rd8 12.Qe1 Nf5 13.c3 Be7 14.Bf3 Nh4 15.Be3 c5 16.Nd6+ Bxd6
17.Bxb7 Qxb7 18.Qxh4 Be7 19.Qf2 Qc6 20.f5 exf5 21.Qxf5 O-O 22.Rad1 Rxd1 23.Rxd1 Rd8  1/2-1/2

[Event "TCh-Serbia & Montenegro"]
[Site "Budva YUG"]
[Date "2003.05.18"]
[Round "?"]
[White "Prelevic,D"]
[Black "Markus,R"]
[Result "0-1"]
[WhiteElo "2337"]
[BlackElo "2472"]

1.e4 c5 2.Nf3 e6 3.d4 cxd4 4.Nxd4 Nc6 5.Nc3 Qc7 6.Be2 a6 7.O-O Nf6 8.Be3 Be7
9.f4 d6 10.a4 O-O 11.Qe1 Bd7 12.Rd1 Rac8 13.Qg3 Kh8 14.Nxc6 Bxc6 15.Bd4 Qa5
16.e5 dxe5 17.Bxe5 Ne8 18.Bd3 f5 19.Rfe1 Nf6 20.Be2 b5 21.axb5 axb5 22.Bf3 b4
23.Ne2 Bxf3 24.gxf3 Rxc2 25.Nd4 Qb6 26.Kh1 Rcc8 27.Rg1 Rf7 28.Rc1 Rxc1 29.Rxc1 Bf8
30.Rc6 Qb7 31.Rxe6 Ng4 32.Nxf5 Qd7 33.Qxg4 Qxe6 34.Nd6 Re7 35.Nf5 Rd7  0-1

[Event "TCh-Serbia & Montenegro"]
[Site "Budva YUG"]
[Date "2003.05.18"]
[Round "1"]
[White "Pikula,D"]
[Black "Markus,R"]
[Result "1-0"]
[WhiteElo "2478"]
[BlackElo "2472"]

1.e4 c5 2.Nf3 e6 3.d4 cxd4 4.Nxd4 Nc6 5.Nc3 Qc7 6.Be3 a6 7.Qd2 Nf6 8.O-O-O Bb4
9.f3 Ne5 10.Nb3 b5 11.Bd4 Be7 12.Qf2 d6 13.a3 Rb8 14.g4 h6 15.h4 b4 16.axb4 Rxb4
17.Be2 Nc6 18.g5 Nxd4 19.Rxd4 Rxd4 20.gxf6 Rb4 21.fxe7 Qxe7 22.Qg3 O-O 23.Rg1 g6
24.f4 Kh7 25.f5 Rg8 26.Bd3 Kh8 27.Na5 Qc7 28.Qf4 Kh7 29.fxg6+ fxg6 30.h5 e5
31.Qf2 Be6 32.Nd5 Bxd5 33.exd5 Rf4 34.hxg6+ Kg7 35.Qe3 Rgf8 36.Nc6 Rf3 37.Qe1 R8f4
38.Rh1 Rf2 39.Kb1 R2f3 40.Qg1 Rf2 41.Qg3 Qd7 42.Qe3 R2f3 43.Qg1 Rf2 44.Qg3 Qg4
45.Qe3 Qf3 46.Qa7+ Rf7 47.Qxf7+  1-0

[Event "ch-RUS w"]
[Site "Elista RUS"]
[Date "2003.05.18"]
[Round "1"]
[White "Tomilova,E"]
[Black "Shumiakina,T"]
[Result "1/2-1/2"]
[WhiteElo "2235"]
[BlackElo "2373"]

1.e4 c5 2.Nf3 Nc6 3.Nc3 e6 4.d4 cxd4 5.Nxd4 Nf6 6.Nxc6 bxc6 7.e5 Nd5 8.Ne4 Qa5+
9.Bd2 Qb6 10.c4 Qd4 11.Nd6+ Bxd6 12.exd6 Qe5+ 13.Be2 Nf4 14.Bxf4 Qxf4 15.Qd2 Qxd2+
16.Kxd2 c5 17.Bf3 Rb8 18.Kc3 Bb7 19.Bxb7 Rxb7 20.Rhe1 f6 21.f4 Kf7 22.Rad1 Rhb8
23.Rd2 Rb6 24.f5 h5 25.h3 h4 26.Re4 Rh8 27.fxe6+ dxe6 28.d7 Rbb8 29.Rd6 e5
30.Rxh4 Rxh4 31.d8=Q Rxd8 32.Rxd8 Re4 33.Rc8 Re3+ 34.Kd2 Rg3 35.Rxc5 Rxg2+
36.Kc3 Rg3+ 37.Kd2 g5 38.Rc7+ Ke6 39.Rxa7 Rxh3 40.Rg7 e4 41.c5 Kd5 42.b4 Ra3
43.Rd7+ Ke6 44.c6 Rxa2+ 45.Kd1 e3 46.Rd3 Rd2+  1/2-1/2

[Event "53rd ch-HUN"]
[Site "Heviz HUN"]
[Date "2003.05.18"]
[Round "7"]
[White "Cao,S"]
[Black "Horvath,Ad"]
[Result "1/2-1/2"]
[WhiteElo "2531"]
[BlackElo "2503"]

1.e4 c5 2.Nf3 e6 3.d4 cxd4 4.Nxd4 Nc6 5.Nc3 Qc7 6.Be2 a6 7.Be3 Nf6 8.O-O Bb4
9.Na4 O-O 10.c4 Bd6 11.g3 Nxe4 12.Bf3 f5 13.c5 Be5 14.Bxe4 fxe4 15.Nb6 Rb8
16.Nc4 Nb4 17.Qh5 d6 18.Nxd6 Bxd6 19.cxd6 Qxd6 20.Bf4 Qxd4 21.Bxb8 e3 22.fxe3 Qxe3+
23.Kg2 Qe4+ 24.Kg1 Qe3+ 25.Kg2 Qe4+  1/2-1/2

[Event "TCh-RUS"]
[Site "Togliatti RUS"]
[Date "2003.05.18"]
[Round "3"]
[White "Geller,J"]
[Black "Vekshenkov,N"]
[Result "1/2-1/2"]
[WhiteElo "2441"]
[BlackElo "2417"]

1.e4 c5 2.Nf3 e6 3.d4 cxd4 4.Nxd4 Nc6 5.Nc3 Qc7 6.Be2 a6 7.O-O Nf6 8.Be3 Be7
9.f4 d6 10.Kh1 O-O 11.a4 Re8 12.Bf3 Rb8 13.g4 Nxd4 14.Bxd4 e5 15.fxe5 dxe5
16.Ba7 Ra8 17.g5 Rd8 18.Qe2 Ne8 19.Be3 Be6 20.Qf2 Rdc8 21.Bg4 Nd6 22.Bxe6 fxe6
23.g6 h6 24.Qg2 Qc6 25.Qg4 Nf5 26.Nd5 exd5 27.Qxf5 Qxc2 28.exd5 Qxf5 29.Rxf5 Bd6
30.Rf7 Rc7 31.Rxc7 Bxc7 32.Bc5 Rd8 33.Rd1 Bd6 34.b4 Kf8 35.Rf1+ Ke8 36.Bb6 Rd7
37.Rf5 Re7 38.Bc5 Kd7 39.Rf7 b6 40.Rxe7+ Kxe7 41.Bxb6 Bxb4 42.Kg2 Kd6 43.Be3 Kxd5
44.Bxh6 Bf8 45.Bc1 Ke4 46.h4 Kf5 47.h5 e4 48.Kf2 Be7 49.Ke2 Bf6 50.Be3 Be7
51.Kd1 Bg5 52.h6 Bxh6 53.Bxh6 Kxg6 54.Bf4 Kf5 55.Bh2 Ke6 56.Ke2  1/2-1/2

[Event "TCh-RUS"]
[Site "Togliatti RUS"]
[Date "2003.05.18"]
[Round "3"]
[White "Meister,Y"]
[Black "Balashov,Y"]
[Result "1/2-1/2"]
[WhiteElo "2513"]
[BlackElo "2494"]

1.e4 c5 2.Nf3 e6 3.d4 cxd4 4.Nxd4 Nc6 5.Nc3 a6 6.Be2 d6 7.Be3 Nf6 8.O-O Be7
9.f4 Bd7 10.Nb3 b5 11.a3 Qc7 12.Bf3 O-O 13.Kh1 Rfd8 14.g4 Be8 15.g5 Nd7 16.Bg2 Bf8
17.Qe1 g6 18.f5 Nde5 19.Rd1 Rab8 20.Ne2 Bd7 21.Nf4 a5 22.c3 b4 23.Nd4 Re8
24.a4 bxc3 25.Nb5 Rxb5 26.axb5 c2 27.Ra1 Nb4 28.b6 Qc4 29.Qc3 Qb5 30.fxe6 fxe6
31.Bd4 Rc8 32.Qh3 Bg7 33.b3 Nbc6 34.Bg1 Nf7 35.Rac1 Nb4 36.Qe3 Rc3 37.Qe2 Qxe2
38.Nxe2 Rxb3 39.b7 Nd3 40.Rxc2 Rxb7 41.h4 a4 42.Bd4 Bxd4 43.Nxd4 e5 44.Nc6 Be6
45.Ra1 Nc5 46.Na5 Rb4 47.Kg1 Kg7 48.Nc6 Rb6 49.Ne7 Bb3 50.Rd2 Kf8 51.Nd5 Bxd5
52.Rxd5 Rb4 53.Rdd1 Ke7 54.Rdb1 Nb3 55.Ra2 h6 56.gxh6 Nxh6 57.Bf3 Rd4 58.Kf2 Ng8
59.Rg1 Nf6 60.Rxg6 Kf7 61.Rg1 Nxe4+ 62.Bxe4 Rxe4 63.Kg3 Nd4 64.Rf2+ Ke6 65.Kh3 Ne2
66.Rg6+ Kd5 67.Rg8 a3 68.Ra8 Nf4+ 69.Kg3 Nh5+ 70.Kh3 Nf4+  1/2-1/2

[Event "TCh-RUS"]
[Site "Togliatti RUS"]
[Date "2003.05.19"]
[Round "4"]
[White "Smirnov,P"]
[Black "Geller,J"]
[Result "0-1"]
[WhiteElo "2615"]
[BlackElo "2441"]

1.e4 c5 2.Nf3 e6 3.d4 cxd4 4.Nxd4 Nc6 5.Nc3 Qc7 6.Be3 a6 7.Qd2 Nf6 8.O-O-O Bb4
9.f3 Ne5 10.Nb3 b5 11.Bd4 Be7 12.Qg5 Ng6 13.Qg3 e5 14.Be3 d6 15.Qf2 Rb8 16.Kb1 O-O
17.g4 b4 18.Ne2 a5 19.g5 a4 20.Nbc1 Nh5 21.Ng3 Ngf4 22.Nxh5 Nxh5 23.Qh4 g6
24.Bh3 a3 25.Bxc8 Rfxc8 26.Qf2 axb2 27.Kxb2 Nf4 28.h4 Qa5 29.Rhe1 Bf8 30.Qd2 Qa4
31.Nb3 Qa3+ 32.Kb1 Ra8 33.Nc1 Ra6 34.Bf2 Rc3 35.Re3 Ra5 36.Rg1 d5 37.exd5 Nxd5
38.Rxe5 Rcc5 39.Rxd5 Rxd5 40.Qe2 Rd8  0-1

[Event "Kings Cup"]
[Site "Bucharest ROM"]
[Date "2003.05.20"]
[Round "3"]
[White "Pilgaard,K"]
[Black "Trajkovic,P"]
[Result "0-1"]
[WhiteElo "2440"]
[BlackElo "2299"]

1.e4 c5 2.Nf3 e6 3.d4 cxd4 4.Nxd4 Nc6 5.Nc3 Qc7 6.Be3 a6 7.Qd2 b5 8.O-O-O Nxd4
9.Qxd4 Bb7 10.Be2 Nf6 11.Bf3 Rc8 12.Rd2 d6 13.g4 Nd7 14.Rhd1 Ne5 15.Be2 Nc4
16.Bxc4 Qxc4 17.Qa7 Qc6 18.f3 Be7 19.Bf4 e5 20.Be3 Ra8 21.Rxd6 Bxd6 22.Rxd6 Rxa7
23.Rxc6 Bxc6 24.Bxa7 h5 25.g5 f6 26.gxf6 gxf6 27.Bf2 Kf7 28.Kd2 Rg8 29.Bg3 Ke6
30.Ke3 b4 31.Ne2 Bb5 32.Nc1 Rc8 33.Kd2 Rd8+ 34.Nd3 f5 35.exf5+ Kxf5 36.Ke3 Bxd3
37.cxd3 a5 38.Be1 Rc8 39.Kd2 Rg8 40.Bg3 Rh8 41.d4 exd4 42.Kd3 Rc8 43.h4 Rc1
44.Bf2 Ra1 45.Bxd4 Rxa2 46.Kc2 Ra1 47.Kb3 Kf4 48.Bf6 Kxf3 49.Bd8 Ke3 50.Kc4 Kd2
51.Kb3 Kd3 52.Bf6 Ke4 53.Kc4 Rf1 54.Bd8 Rf5 55.Kb3 Kd4 56.Ka4 Kc4 57.Bxa5 b3
58.Bd2 Rf8 59.Ka5 Ra8+ 60.Kb6 Kd3 61.Bc3 Ra2  0-1

[Event "Kings Cup"]
[Site "Bucharest ROM"]
[Date "2003.05.20"]
[Round "3"]
[White "Cioara,A"]
[Black "Svetushkin,D"]
[Result "0-1"]
[WhiteElo "2386"]
[BlackElo "2543"]

1.e4 c5 2.Nf3 e6 3.d4 cxd4 4.Nxd4 Nc6 5.Nc3 a6 6.g3 d6 7.Bg2 Bd7 8.O-O Nf6
9.Be3 Be7 10.f4 Qc7 11.Nxc6 Bxc6 12.Qe2 b5 13.a3 O-O 14.g4 Qb7 15.Bd4 a5
16.g5 Nd7 17.Qh5 b4 18.Rf3 e5 19.fxe5 bxc3 20.Rh3 h6 21.gxh6 g6 22.h7+ Kg7
23.exd6+ Bf6 24.Bxf6+ Nxf6 25.Qe5 Qb6+ 26.Kh1 Rae8 27.Qxc3 Bb5 28.Rd1 Be2
29.Re1 Bh5 30.Rd3 Rc8 31.Qe5 Rxc2 32.Rf1 Rf2 33.Rdd1 Bxd1 34.Rxd1 Qxb2 35.Qe7 Nxh7
36.Rg1 Qf6  0-1

[Event "ch-RUS w"]
[Site "Elista RUS"]
[Date "2003.05.20"]
[Round "3"]
[White "Tomilova,E"]
[Black "Kochetkova,J"]
[Result "0-1"]
[WhiteElo "2235"]
[BlackElo "2277"]

1.e4 c5 2.Nf3 Nc6 3.Nc3 e6 4.d4 cxd4 5.Nxd4 Nf6 6.Nxc6 bxc6 7.e5 Nd5 8.Ne4 Qa5+
9.Bd2 Nb4 10.f4 Qd5 11.Nc3 Qd4 12.Rc1 Bc5 13.Qf3 Nd5 14.Ne4 Be7 15.c4 f5
16.exf6 Nxf6 17.Nxf6+ Qxf6 18.Bd3 Qxb2 19.Rb1 Qd4 20.Rb3 O-O 21.Be3 Qa1+
22.Bb1 g6 23.O-O Qg7 24.c5 Bf6 25.Kh1 a5 26.Rd1 Ba6 27.Qh3 Rfb8 28.Bd2 Bc4
29.Rg3 Rb2 30.f5 exf5 31.Bh6 Qe7 32.Qxf5 Re2 33.Rg1 Bf7 34.Qd3 Re8 35.Rf3 Bd5
36.Rg3 Re1 37.Bd2 Rxg1+ 38.Kxg1 Be5 39.Rh3 Qxc5+ 40.Be3 Qb4 41.Qd1 Be6 42.Rxh7 Bf7
43.Rh3 Bg7 44.Bf2 d5 45.Rg3 Bd4 46.Kf1 Bxf2 47.Kxf2 Qf4+ 48.Rf3 Qxh2 49.Qd4 Qe5
50.Qd2 d4 51.Bd3 Kg7 52.Rh3 Qe3+ 53.Rxe3 dxe3+ 54.Qxe3 Rxe3 55.Kxe3 Bxa2
56.Kd4 Bd5 57.g3 a4  0-1

[Event "TCh-RUS"]
[Site "Togliatti RUS"]
[Date "2003.05.20"]
[Round "5"]
[White "Timofeev,Ar"]
[Black "Geller,J"]
[Result "1-0"]
[WhiteElo "2577"]
[BlackElo "2441"]

1.e4 c5 2.Nf3 e6 3.d4 cxd4 4.Nxd4 Nc6 5.Nc3 Qc7 6.f4 a6 7.Nxc6 Qxc6 8.Be2 b5
9.Bf3 Bb7 10.Be3 Rc8 11.Qd3 Bb4 12.Bd4 Nf6 13.O-O-O Qc4 14.Rhe1 Qxd3 15.cxd3 d6
16.Kd2 Bc5 17.Be3 Bxe3+ 18.Kxe3 h5 19.h3 h4 20.d4 Nd7 21.Rc1 Ke7 22.a3 Rhg8
23.Re2 g5 24.fxg5 Rxg5 25.Rec2 Nb6 26.b3 Kd7 27.Ne2 Rxc2 28.Rxc2 a5 29.Kf4 f6
30.Bg4 Kd8 31.Ke3 f5 32.exf5 Nd5+ 33.Kf2 Nf6 34.Nf4 Nxg4+ 35.hxg4 Rxg4 36.Nxe6+ Ke8
37.d5 b4 38.axb4 axb4 39.Ke1 Re4+ 40.Kf2 Re5 41.Rc4 Rxf5+ 42.Ke3 Re5+ 43.Kf2 Rf5+
44.Kg1 Bxd5 45.Nc7+ Kd7 46.Nxd5 Rxd5 47.Rxh4 Rb5 48.Kf2 Ke6 49.Re4+ Kd5 50.Ke3 Kc5
51.Rc4+ Kb6 52.g4 d5 53.Rd4 Kc5 54.g5 Rb6 55.Rg4 Rg6 56.Rg3 Re6+ 57.Kd3 Rg6
58.Ke3 Re6+ 59.Kf4 Kd4 60.g6 Rf6+ 61.Kg5 Rf8 62.g7 Rg8 63.Kf5 Kc5 64.Kf6 d4
65.Rg5+  1-0

[Event "28th Elekes Mem GM"]
[Site "Budapest HUN"]
[Date "2003.05.21"]
[Round "5"]
[White "Turov,M"]
[Black "Sprenger,J"]
[Result "1-0"]
[WhiteElo "2531"]
[BlackElo "2431"]

1.e4 c5 2.Nf3 e6 3.d4 cxd4 4.Nxd4 Nc6 5.Nc3 Qc7 6.Be2 a6 7.O-O Nf6 8.Be3 Bb4
9.Nxc6 bxc6 10.Na4 O-O 11.f4 d5 12.e5 Nd7 13.c4 Be7 14.Rc1 Qb8 15.Rf3 f6
16.cxd5 cxd5 17.Rc6 Rf7 18.exf6 Rxf6 19.Bd4 Rh6 20.Rfc3 Bb7 21.Rc7 e5 22.fxe5  1-0

[Event "TCh-RUS"]
[Site "Togliatti RUS"]
[Date "2003.05.21"]
[Round "6"]
[White "Loskutov,O"]
[Black "Klimov,S"]
[Result "0-1"]
[WhiteElo "2439"]
[BlackElo "2507"]

1.e4 c5 2.Nf3 e6 3.d4 cxd4 4.Nxd4 Nc6 5.Nc3 d6 6.Be2 Nf6 7.O-O Be7 8.Be3 O-O
9.f4 a6 10.Qe1 Nxd4 11.Bxd4 b5 12.a3 Bb7 13.Qg3 g6 14.Bf3 a5 15.Rfe1 b4 16.Nb5 Nd7
17.Red1 Qb8 18.Qf2 f5 19.Ba7 Rxa7 20.Qxa7 Qxa7+ 21.Nxa7 fxe4 22.Bg4 Nc5 23.axb4 axb4
24.g3 h5 25.Be2 e3 26.Nb5 Be4 27.Rac1 d5 28.Nd4 g5 29.Rf1 gxf4 30.Rxf4 e5
31.Rxf8+ Bxf8 32.Nc6 b3 33.c3 Na4 34.Nxe5 Nxb2 35.Bf3 Bg7 36.Bxe4 dxe4 37.Rb1 Nd3
38.Rxb3 Bxe5  0-1

[Event "Kings Cup"]
[Site "Bucharest ROM"]
[Date "2003.05.22"]
[Round "5"]
[White "Vajda,Al"]
[Black "Trajkovic,P"]
[Result "1-0"]
[WhiteElo "2437"]
[BlackElo "2299"]

1.e4 c5 2.Nf3 e6 3.d4 cxd4 4.Nxd4 Nc6 5.Nc3 Qc7 6.g3 a6 7.Bg2 Nf6 8.O-O h6
9.a4 Nxd4 10.Qxd4 Bc5 11.Qd1 d6 12.a5 Bd7 13.Na4 Qxa5 14.Nxc5 Qxc5 15.b3 Rd8
16.Ba3 Qb6 17.Qxd6 Qxd6 18.Bxd6 Bc6 19.e5 Bxg2 20.Kxg2 Kd7 21.Rfd1 Kc6 22.Rd4 Nd5
23.Rc4+ Kd7 24.Rg4 g6 25.Rd1 f5 26.Rgd4 Ke8 27.Ba3 Rd7 28.c4 Nb6 29.Rd6 Rxd6
30.Rxd6 Nd7 31.Rxe6+ Kd8 32.Bd6 g5 33.Rg6 h5 34.e6 Nb6 35.Be5  1-0

[Event "Kings Cup"]
[Site "Bucharest ROM"]
[Date "2003.05.22"]
[Round "5"]
[White "Pilgaard,K"]
[Black "Svetushkin,D"]
[Result "0-1"]
[WhiteElo "2440"]
[BlackElo "2543"]

1.e4 c5 2.Nf3 e6 3.d4 cxd4 4.Nxd4 Nc6 5.Nc3 a6 6.Nxc6 bxc6 7.Bd3 d5 8.O-O Nf6
9.Re1 Bb7 10.e5 Nd7 11.Na4 Qc7 12.Qe2 c5 13.c4 dxc4 14.Be4 Rb8 15.Bxb7 Rxb7
16.Qxc4 Qc6 17.Bd2 Be7 18.b3 O-O 19.Qg4 g6 20.Rac1 Rc8 21.Nb2 Nb6 22.Bg5 Bxg5
23.Qxg5 Rd7 24.h4 h5 25.Rc3 Rd4 26.Rg3 c4 27.bxc4 Nxc4 28.Nd3 Re4 29.Rc1 Qd7
30.Qf6 Kh7 31.Nf4 Nxe5 32.Rxc8 Qxc8 33.Nxh5 Qc1+ 34.Kh2 Qh6 35.f3 Ra4 36.Rg5 Rxh4+
37.Kg3 Rxh5 38.Rxe5 Qg7 39.Qxg7+ Kxg7 40.Re4 Rb5 41.a4 Rc5 42.Rb4 a5 43.Rb5 Rd5
44.Kf2 Kf6 45.Rb2 Rd4 46.Ra2 Rb4 47.g3 Ke5 48.Ke3 g5 49.Ra3 f5 50.Kd3 Kd5
51.Ke3 Kc4 52.Ra1 Rb3+ 53.Ke2 Rb2+ 54.Kf1 Kd5 55.Ra3 e5 56.g4 fxg4 57.fxg4 Ke4
58.Rc3 Rb4 59.Kf2 Kf4  0-1

[Event "ch-EST"]
[Site "Tallinn EST"]
[Date "2003.05.23"]
[Round "5.1"]
[White "Kulaots,K"]
[Black "Seeman,T"]
[Result "1-0"]
[WhiteElo "2514"]
[BlackElo "2429"]

1.e4 c5 2.Nf3 e6 3.d4 cxd4 4.Nxd4 Nc6 5.Nc3 d6 6.Be3 Nf6 7.Qd2 Be7 8.f3 O-O
9.O-O-O a6 10.g4 Nxd4 11.Bxd4 b5 12.h4 Nd7 13.g5 b4 14.Na4 Qa5 15.b3 Nc5
16.Bxc5 dxc5 17.Qf4 Ra7 18.Kb1 Rd7 19.Rxd7 Bxd7 20.Nb2 Bb5 21.Bc4 Bxc4 22.Nxc4 Qd8
23.Qe3 Qd4 24.Qxd4 cxd4 25.Rg1 f6 26.Rg3 Bd8 27.Nb2 fxg5 28.hxg5 Bc7 29.Rh3 Bf4
30.Nd3 Bxg5 31.Nxb4 Rc8 32.Nxa6 Be7 33.Kb2 Rc6 34.Nb8 Rc7 35.a4 Bf6 36.Kb1 d3
37.cxd3 Rb7 38.Na6 Rxb3+ 39.Ka2 Rb2+ 40.Ka3 Rb6 41.Nc7 Be7+ 42.Ka2 Rb4 43.Nxe6 Rxa4+
44.Kb3 Ra6 45.Nf4 g5 46.Nd5 Bd8 47.Ne3 Ra1 48.Nf5 Rf1 49.Kc4 h5 50.Rxh5 Rxf3
51.d4 Ra3 52.Kd5 Ra7 53.e5 Rh7 54.Rxh7 Kxh7 55.e6 g4 56.Ke4  1-0

[Event "Kings Cup"]
[Site "Bucharest ROM"]
[Date "2003.05.24"]
[Round "7"]
[White "Vajda,Al"]
[Black "Svetushkin,D"]
[Result "1-0"]
[WhiteElo "2437"]
[BlackElo "2543"]

1.e4 c5 2.Nf3 e6 3.d4 cxd4 4.Nxd4 Nc6 5.Nc3 a6 6.g3 d6 7.Bg2 Bd7 8.Nb3 b5
9.O-O Nf6 10.f4 Be7 11.Kh1 Qc7 12.Be3 O-O 13.g4 b4 14.Na4 Rfb8 15.g5 Ne8
16.c4 bxc3 17.Nxc3 a5 18.Rc1 Qd8 19.Qe2 a4 20.Nd4 Nxd4 21.Bxd4 Rb4 22.Qf2 Rab8
23.Rc2 Nc7 24.a3 Rb3 25.f5 Bxg5 26.fxe6 Bxe6 27.Bh3 Qd7 28.Rg1 f6 29.Bf1 Rf8
30.Nxa4 Nb5 31.Nc3 Nxc3 32.Rxc3 Rxc3 33.Bxc3 d5 34.Qd4 Qf7 35.Bg2 dxe4 36.Bxe4 Bh6
37.Qd3 f5 38.Bf3 g6 39.Re1 Bc4 40.Qd6 Bg5 41.a4 Bf6 42.Qxf6 Qxf6 43.Bxf6 Rxf6
44.b4 g5 45.Rc1 Bd3 46.b5 g4 47.Bd5+ Kg7 48.Rc7+ Kf8 49.Rc6 Rxc6 50.Bxc6 Ke7
51.a5 Kd6 52.a6 Bxb5 53.Bxb5 Kc7 54.h4 Kb6 55.h5 h6 56.Bd3 f4 57.Kg2 Ka7
58.Kf2 Kb6 59.Bc4 Ka7 60.Be2 Kb6 61.Bxg4 Kxa6 62.Kf3 Kb6 63.Kxf4 Kc7 64.Ke5 Kd8
65.Kf6 Ke8 66.Kg7 Ke7 67.Bd7  1-0

[Event "ch-RUS w"]
[Site "Elista RUS"]
[Date "2003.05.24"]
[Round "7"]
[White "Stepovaia Dianchenko,T"]
[Black "Fatalibekova,E"]
[Result "1-0"]
[WhiteElo "2394"]
[BlackElo "2276"]

1.e4 c5 2.Nc3 e6 3.Nf3 Nc6 4.d4 cxd4 5.Nxd4 Nf6 6.g3 Bb4 7.Bg2 d5 8.O-O Bxc3
9.bxc3 Nxe4 10.Nxc6 bxc6 11.Ba3 Nd6 12.Qg4 O-O 13.Qb4 Nc4 14.Qxf8+ Qxf8 15.Bxf8 Kxf8
16.Rfc1 e5 17.Rab1 Ke7 18.Bf1 Nd2 19.Rb2 f5 20.Be2 g5 21.f3 g4 22.f4 exf4
23.gxf4 Ne4 24.Rb3 h5 25.Rd1 Nc5 26.Ra3 Be6 27.Rd4 a6 28.Bd3 a5 29.c4 Nxd3
30.Raxd3 dxc4 31.Re3 c3 32.Rxc3 Bd5 33.Re3+ Kf6 34.c4 Be4 35.Rb3 Ra7 36.Rb8 Re7
37.Rd6+ Kf7 38.Ra8 Bf3 39.Rxa5 Re1+ 40.Kf2 Re2+ 41.Kg3 Ke7 42.Rh6 Rg2+ 43.Kh4 Rxh2+
44.Kg5  1-0

[Event "12th Chicago Open"]
[Site "Oak Brook USA"]
[Date "2003.05.24"]
[Round "3"]
[White "Cadman,C"]
[Black "Drake,J"]
[Result "1-0"]
[WhiteElo "2277"]
[BlackElo "2102"]

1.e4 c5 2.Nf3 Nc6 3.d4 cxd4 4.Nxd4 e6 5.Nc3 a6 6.Be3 Qc7 7.Qd2 Nf6 8.O-O-O Bb4
9.f3 Ne5 10.g4 d5 11.g5 Nxf3 12.Nxf3 Nxe4 13.Qd4 Bxc3 14.bxc3 Qxc3 15.Bd3 Qa3+
16.Qb2 Qxb2+ 17.Kxb2 Nd6 18.Bc5 Nb5 19.Bxb5+ axb5 20.Rd4 Bd7 21.Ne5 Rc8 22.Bb4 f6
23.gxf6 gxf6 24.Nxd7 Kxd7 25.Rg4 Rhg8 26.Rhg1 Rxg4 27.Rxg4 Rc4 28.Rg7+ Kc6
29.Kb3 Rh4 30.Re7 d4 31.Rxe6+ Kd5 32.Rxf6 Rh3+ 33.Kb2 Rxh2 34.a3 h5 35.Rd6+ Kc4
36.Ba5 Re2 37.Bb6 Re4 38.Rd7 h4 39.Rh7 d3 40.Rc7+ Kd5 41.cxd3 Re6 42.Rc5+ Kd6
43.Rh5 Kc6 44.Ba5 Re2+ 45.Kc3 Ra2 46.Bb4 Rh2 47.Kd4 Rh1 48.Rh6+ Kc7 49.Kd5 h3
50.d4  1-0

[Event "TCh-RUS"]
[Site "Togliatti RUS"]
[Date "2003.05.24"]
[Round "9"]
[White "Sivokho,S"]
[Black "Vekshenkov,N"]
[Result "1/2-1/2"]
[WhiteElo "2494"]
[BlackElo "2417"]

1.e4 c5 2.Nf3 e6 3.d4 cxd4 4.Nxd4 Nc6 5.Nc3 Qc7 6.g3 a6 7.Bg2 Nf6 8.O-O Nxd4
9.Qxd4 Bc5 10.Bf4 d6 11.Qd2 h6 12.Rad1 e5 13.Be3 Be6 14.Bxc5 dxc5 15.Nd5 Bxd5
16.exd5 Qd6 17.f4 O-O 18.fxe5 Qxe5 19.c4 Qd6 20.Qf4 Rad8 21.Qxd6 Rxd6 22.Rfe1 Rfd8
23.a4 a5 24.Rd3 Re8 25.Rxe8+ Nxe8 26.Rb3 b6 27.Bh3 Kf8 28.Bc8 Rd8 29.Bb7 Nd6
30.Rxb6 Nxc4 31.Ra6 Nxb2 32.Rxa5 c4 33.Rc5 Nxa4  1/2-1/2

[Event "4th IECC"]
[Site "Istanbul TUR"]
[Date "2003.05.30"]
[Round "1"]
[White "Yagupov,I"]
[Black "Neverov,V"]
[Result "0-1"]
[WhiteElo "2454"]
[BlackElo "2583"]

1.e4 c5 2.Nf3 e6 3.d4 cxd4 4.Nxd4 Nc6 5.Nc3 Qc7 6.Be3 a6 7.Qd2 Nf6 8.O-O-O Bb4
9.f3 Ne5 10.Nb3 b5 11.Bd4 Be7 12.Qg5 Ng6 13.Qg3 Qxg3 14.hxg3 d6 15.Na5 Bd7
16.Bxf6 Bxf6 17.Kb1  0-1

[Event "4th IECC"]
[Site "Istanbul TUR"]
[Date "2003.05.30"]
[Round "1"]
[White "Yagupov,I"]
[Black "Neverov,V"]
[Result "0-1"]
[WhiteElo "2454"]
[BlackElo "2583"]

1.e4 c5 2.Nf3 e6 3.d4 cxd4 4.Nxd4 Nc6 5.Nc3 Qc7 6.Be3 a6 7.Qd2 Nf6 8.O-O-O Bb4
9.f3 Ne5 10.Nb3 b5 11.Bd4 Be7 12.Qg5 Ng6 13.Qg3 Qxg3 14.hxg3 d6 15.Na5 Bd7
16.Bxf6 Bxf6 17.Nb7 Bc6 18.Nxd6+ Ke7 19.f4 Rad8 20.e5 Nxe5 21.fxe5 Bxe5 22.Ndxb5 Rxd1+
23.Kxd1 axb5 24.Bxb5 Bxg2 25.Rg1 Bf3+ 26.Kd2 h5 27.a4 g5 28.Ke3 Ba8 29.Be2 f5
30.Bf3 Bxf3 31.Kxf3 Bxc3 32.bxc3 Rc8 33.Ra1 Rxc3+ 34.Ke2 Rxc2+ 35.Kd3 Rc8
36.a5 Kf6 37.a6 g4 38.a7 Ra8 39.Kd4 e5+ 40.Kd5 f4 41.gxf4 exf4 42.Ke4 f3
43.Kf4 Ke6 44.Ra6+ Kd5 45.Ra5+ Kd4 46.Kg3 Ke3 47.Re5+ Kd4 48.Ra5 Ke4 49.Ra1 Kd3
50.Ra3+ Kc4 51.Ra5 Kc3 52.Rc5+ Kd4 53.Ra5 h4+ 54.Kxg4 f2 55.Rf5 Ke3 56.Re5+ Kd3
57.Rf5 Ke2 58.Re5+ Kf1 59.Kh3 Rxa7 60.Kh2 Ra1  0-1

[Event "4th IECC"]
[Site "Istanbul TUR"]
[Date "2003.05.31"]
[Round "2"]
[White "Kotronias,V"]
[Black "Pogorelov,R"]
[Result "1-0"]
[WhiteElo "2597"]
[BlackElo "2489"]

1.e4 c5 2.Nf3 e6 3.d4 cxd4 4.Nxd4 Nc6 5.Nc3 d6 6.Be3 Nf6 7.f4 e5 8.Nf3 Ng4
9.Qd2 Nxe3 10.Qxe3 exf4 11.Qxf4 Be6 12.O-O-O Be7 13.Nd5 Bxd5 14.Rxd5 O-O
15.Kb1 Qc7 16.Be2 Nd8 17.Rh5  1-0

[Event "4th IECC"]
[Site "Istanbul TUR"]
[Date "2003.05.31"]
[Round "2"]
[White "Kotronias,V"]
[Black "Pogorelov,R"]
[Result "1-0"]
[WhiteElo "2597"]
[BlackElo "2489"]

1.e4 c5 2.Nf3 e6 3.d4 cxd4 4.Nxd4 Nc6 5.Nc3 d6 6.Be3 Nf6 7.f4 e5 8.Nf3 Ng4
9.Qd2 Nxe3 10.Qxe3 exf4 11.Qxf4 Be6 12.O-O-O Be7 13.Nd5 Bxd5 14.Rxd5 O-O
15.Kb1 Qc7 16.Be2 Rad8 17.Rh5 Ne5 18.Nxe5 dxe5 19.Qxe5 Bd6 20.Qd4 g6 21.Rd5 Bxh2
22.Qxa7 Rxd5 23.exd5 Be5 24.Qe3 Bg7 25.Bf3 Rc8 26.c3 h5 27.Rh4 Bf6 28.Rb4 Kg7
29.a4 Qd7 30.Ka2 Ra8 31.Kb3 Ra6 32.Qc5 h4 33.Qb5 Qd6 34.Qxb7 Bd8 35.Be2 Ra5
36.Rb5 Qe5 37.Rxa5 Bxa5 38.Qb5 Bc7 39.Bf1 Qf6 40.Bd3 Qf2 41.Qc6 Be5 42.d6 Qf6
43.a5 Bxd6 44.a6 Bb8 45.Qxf6+ Kxf6 46.Kc4 Ke6 47.Kb5 Ba7 48.Kc6 g5 49.Kb7 Be3
50.b4 g4 51.b5 g3 52.Bf1 f5 53.b6 f4 54.a7 f3 55.a8=Q  1-0

[Event "4th IECC"]
[Site "Istanbul TUR"]
[Date "2003.05.31"]
[Round "2"]
[White "Arizmendi Martinez,J"]
[Black "Valensi,B"]
[Result "1-0"]
[WhiteElo "2516"]
[BlackElo "2154"]

1.e4 c5 2.Nf3 e6 3.d4 cxd4 4.Nxd4 Nc6 5.Nc3 Qc7 6.Be3 Nf6 7.Qd2 a6 8.O-O-O Bb4
9.f3 d5 10.a3 Bxc3 11.Qxc3 dxe4 12.fxe4 Nxe4 13.Qd3 f5 14.Qc4 Ke7 15.Bd3 Nf6
16.Rhe1 g6 17.Bg5 e5 18.Nxc6+ bxc6 19.Qc5+ Kf7 20.Rxe5 Ra7 21.Rde1 Ng8 22.Bc4+ Kg7
23.Qd4 c5 24.Re7+  1-0

[Event "IEWCC"]
[Site "Istanbul TUR"]
[Date "2003.06.02"]
[Round "1"]
[White "Makka,I"]
[Black "Stepovaia Dianchenko,T"]
[Result "1/2-1/2"]
[WhiteElo "2234"]
[BlackElo "2394"]

1.e4 c5 2.Nf3 Nc6 3.d4 cxd4 4.Nxd4 e6 5.Nc3 Qc7 6.g3 a6 7.Bg2 d6 8.O-O Bd7
9.Re1 Be7 10.Nxc6 Bxc6 11.a4 Nf6 12.a5 O-O 13.Be3 Rae8 14.Bb6 Qc8 15.Na4 Nd7
16.Bd4 Qc7 17.Nb6 Nxb6 18.Bxb6 Qd7 19.Bd4 f5 20.exf5 Bxg2 21.Kxg2 Rxf5 22.Kg1 Bf6
23.Bxf6 Rxf6 24.Ra3 Ref8 25.Re2 Qf7 26.Qxd6 Rxf2 27.Qxe6 Rf1+ 28.Kg2 Qxe6
29.Rxe6 R8f2+ 30.Kh3 Rh1 31.Kg4 Rhxh2 32.Rb3 Rxc2 33.Rxb7 h5+ 34.Kg5 Rc4
35.Rxa6 Rg4+ 36.Kf5 Rf2+ 37.Ke5 Re2+ 38.Kd5 Rd2+ 39.Kc5 Rc2+ 40.Kd5 Rd2+  1/2-1/2